| 000 | 01017nam a2200229Ia 4500 | ||
|---|---|---|---|
| 001 | 17083 | ||
| 005 | 20260330154738.0 | ||
| 008 | 260306t2017||||xx |||||||||||||| ||und|| | ||
| 041 | _aESP | ||
| 082 |
_a657.45 _bM22 |
||
| 100 |
_aMantilla B., Samuel Alberto _eAUT |
||
| 245 | 0 |
_aTendencias internacionales en auditoría de estados financieros: _bmás allá de las NIA y de las NAI |
|
| 260 | _c2017 | ||
| 300 |
_axiii, 232 páginas : _c24 cm. |
||
| 650 | _aGEN | ||
| 654 | _aCCO | ||
| 856 |
_uhttps://itmsp.museknowledge.com/UCSP?url=https://www.ebooks7-24.com:443/?il=5669&pg=1 _zVersión digital |
||
| 856 |
_uhttps://0u213updv-y-https-ebooks7--24-com.itmsp.museknowledge.com/biblioteca.aspx _zVéase además: Base de datos Ebook7-24 |
||
| 856 |
_uhttps://www.legismovil.pe/lnp.asp _zVéase además: Base de datos Legis Móvil |
||
| 856 |
_uhttps://0u219updz-y-https-legal-legis-com-pe.itmsp.museknowledge.com/Interm/Intermedia_Ucsp.htm _zVéase además: Base de datos Multilegis |
||
| 942 |
_cLIB _dJUS _fJUS _2ddc |
||
| 999 |
_c17083 _d17083 |
||